|
|
|
|
| LEADER |
00000naa2a2200000 4500 |
| 001 |
592922 |
| 005 |
20260204160029.0 |
| 035 |
|
|
|a (RuTPU)RU\TPU\tpu\5634
|
| 090 |
|
|
|a 592922
|
| 100 |
|
|
|a 20011210d1964 k||y0rusy50 ca
|
| 101 |
0 |
|
|a rus
|
| 102 |
|
|
|a RU
|
| 200 |
1 |
|
|a Разработка стереобетатрона на высокую частоту
|f В. А. Москалев, В. И. Кудрявченко
|
| 333 |
|
|
|a В фонде НТБ ТПУ отсутствует
|
| 463 |
|
|
|t Тезисы докладов на пятой Межвузовской научной конференции по электронным ускорителям (17-21 марта 1964 г.)
|v С. 21
|d 1964
|
| 610 |
1 |
|
|a электронные ускорители
|
| 610 |
1 |
|
|a труды учёных ТПУ
|
| 700 |
|
1 |
|a Москалев
|b В. А.
|c специалист в области электротехники
|c профессор Томского политехнического университета, доктор технических наук
|f 1927-
|g Владилен Александрович
|3 (RuTPU)RU\TPU\pers\12401
|
| 701 |
|
1 |
|a Кудрявченко
|b В. И.
|
| 801 |
|
0 |
|a RU
|b 63413507
|c 20011210
|g PSBO
|
| 801 |
|
2 |
|a RU
|b 63413507
|c 20150121
|g PSBO
|
| 850 |
|
|
|a 63413507
|
| 942 |
|
|
|c BK
|